| 000 | 00840nas a2200277 4500 | ||
|---|---|---|---|
| 001 | BR9204834 | ||
| 003 | BR-BrBNA | ||
| 005 | 20231205092802.0 | ||
| 007 | ta | ||
| 008 | 230509b bl.|||p| |||| 00| 00por d | ||
| 040 |
_aBR-BrBNA _bpor _cBiblioteca Nacional de Agricultura |
||
| 041 | _a(Pt) | ||
| 072 | _aH20 | ||
| 100 | 1 | _aLorenzi, J.O. | |
| 100 | 1 | _aValle, T.L. | |
| 100 | 1 | _aMonteiro, D.A. | |
| 100 | 1 | _aCosta, A.S. | |
| 245 | 1 | _aMandioca: distribuicao no estado de Sao Paulo do micoplasma causador do superbrotamento de Santa Barbara do Rio Pardo | |
| 650 | _aMANDIOCA | ||
| 650 | _aSUPERBROTAMENTO | ||
| 650 | _aDISTRIBUICAO GEOGRAFICA | ||
| 650 | _aSAO PAULO | ||
| 773 | 0 |
_tBragantia (Brazil) _xISSN 0006-8705 _g(1988), v. 47(1) p. 63-69 _wBR9204834 |
|
| 909 |
_a202311 _bLúcia _c55 _dLúcia Elande |
||
| 942 |
_2AGRIS _n0 _cANA |
||
| 999 |
_c134160 _d134160 |
||